Josef Albers : (Record no. 353253)

000 -LEADER
fixed length control field 01069 a2200277 4500
003 - CONTROL NUMBER IDENTIFIER
control field OSt
005 - DATE AND TIME OF LATEST TRANSACTION
control field 20180116192359.0
008 - FIXED-LENGTH DATA ELEMENTS--GENERAL INFORMATION
fixed length control field 120702t xxu||||| |||| 00| 0 eng d
020 ## - INTERNATIONAL STANDARD BOOK NUMBER
International Standard Book Number 9780714845999 (hbk.)
020 ## - INTERNATIONAL STANDARD BOOK NUMBER
International Standard Book Number 071484599X (hbk.)
040 ## - CATALOGING SOURCE
Transcribing agency 0
082 ## - DEWEY DECIMAL CLASSIFICATION NUMBER
Classification number 759.13
100 ## - MAIN ENTRY--PERSONAL NAME
Personal name Horowitz, Frederick A.
9 (RLIN) 4923
245 10 - TITLE STATEMENT
Title Josef Albers :
Remainder of title to open eyes : the Bauhaus, Black Mountain College, and Yale /
Statement of responsibility, etc. Frederick A. Horowitz and Brenda Danilowitz.
260 ## - PUBLICATION, DISTRIBUTION, ETC.
Place of publication, distribution, etc. London :
Name of publisher, distributor, etc. Phaidon,
Date of publication, distribution, etc. c2006.
300 ## - PHYSICAL DESCRIPTION
Extent 287 p. :
Other physical details ill. (some col.), ports ;
Dimensions 30 cm.
500 ## - GENERAL NOTE
General note Includes bibliographical references (p. 273-276) and index.
600 10 - SUBJECT ADDED ENTRY--PERSONAL NAME
Personal name Albers, Josef.
9 (RLIN) 4924
600 10 - SUBJECT ADDED ENTRY--PERSONAL NAME
Personal name Albers, Josef
General subdivision Criticism and interpretation.
9 (RLIN) 4925
650 10 - SUBJECT ADDED ENTRY--TOPICAL TERM
Topical term or geographic name entry element Art teachers
Geographic subdivision Germany
General subdivision Biography.
9 (RLIN) 4926
650 10 - SUBJECT ADDED ENTRY--TOPICAL TERM
Topical term or geographic name entry element Art teachers
Geographic subdivision United States
General subdivision Biography.
9 (RLIN) 4927
650 10 - SUBJECT ADDED ENTRY--TOPICAL TERM
Topical term or geographic name entry element Painters
Geographic subdivision United States
General subdivision Biography.
9 (RLIN) 4928
700 #1 - ADDED ENTRY--PERSONAL NAME
Relator code Danilowitz, Brenda.
9 (RLIN) 4929
942 ## - ADDED ENTRY ELEMENTS (KOHA)
Institution code [OBSOLETE] SADA
Koha item type Book
Call number prefix 759.13 HOR 2006
Source of classification or shelving scheme
952 ## - LOCATION AND ITEM INFORMATION (KOHA)
-- BOOK
Holdings
Withdrawn status Lost status Source of classification or shelving scheme Damaged status Not for loan Permanent Location Current Location Date acquired Total Checkouts Full call number Barcode Date last seen Date last checked out Cost, replacement price Price effective from Koha item type
          School of Art Design and Architecture (SADA) School of Art Design and Architecture (SADA) 06/28/2011 6 759.13 HOR 2006 SADA0001402 11/25/2025 11/03/2025 3367.00 08/05/2011 Book
© 2023 Central Library, National University of Sciences and Technology. All Rights Reserved.